[Event "60th ch-POL w, Krakow POL"]
[Site "?"]
[Date "2008.??.??"]
[Round "5"]
[White "Przezdziecka, M."]
[Black "Toma, K."]
[Result "1/2-1/2"]
[WhiteElo "2275"]
[BlackElo "2255"]
[PlyCount "301"]
[EventDate "2008.??.??"]

1. d4 Nf6 2. Nf3 g6 3. c4 Bg7 4. Nc3 d5 5. Bf4 O-O 6. e3 c5 7. dxc5 Qa5 8. Rc1
dxc4 9. Bxc4 Qxc5 10. Bb3 Nc6 11. O-O Qa5 12. h3 Bd7 13. e4 e5 14. Bg5 Be6 15.
Bxe6 fxe6 16. Qb3 Rfe8 17. Bxf6 Bxf6 18. Qxb7 Nd4 19. Nxd4 exd4 20. Nd1 Rab8
21. Qc7 Qxa2 22. e5 Be7 23. Qc4 Qxc4 24. Rxc4 Rbd8 25. Rc7 Rd5 26. f4 Bc5 27.
Kh2 Bb6 28. Rb7 Rf8 29. Rf3 d3 30. Re7 Rd4 31. Kg3 Rc8 32. Rxe6 Rc1 33. Rf1 d2
34. Rd6 Rxd6 35. exd6 Kf7 36. Kf3 Ke6 37. Ke2 Ba5 38. Rf3 Kxd6 39. Ra3 Rc5 40.
Ra4 Rb5 41. Ne3 Ke6 42. Re4+ Kf6 43. Nc4 Rd5 44. Kd1 Bc7 45. Nxd2 h5 46. Rc4
Bb6 47. Ke2 Rb5 48. Ne4+ Kg7 49. b4 a5 50. bxa5 Bxa5 51. Rc2 Rb3 52. Nc5 Rg3
53. Kf2 Ra3 54. Ne6+ Kf6 55. Nd4 Kg7 56. Rc6 Ra2+ 57. Nc2 Bd2 58. Kf3 Ra4 59.
g3 h4 60. Rd6 Bc3 61. gxh4 Bf6 62. Kg3 Re4 63. Kf3 Ra4 64. Rc6 Bxh4 65. Ne3 Ra3
66. Re6 Kf7 67. Re4 Be1 68. Ke2 Bh4 69. Rb4 Bf6 70. Kf3 Be7 71. Rc4 Bh4 72. Ke4
Bd8 73. Rb4 Ke6 74. Kf3 Kf7 75. Rb7+ Ke6 76. Rg7 Kf6 77. Rd7 Be7 78. Rc7 Bd8
79. Rc6+ Kf7 80. Ke4 Bf6 81. Nd5 Bh4 82. Rc3 Ra1 83. Rc7+ Ke6 84. Rc6+ Kf7 85.
Kf3 Rg1 86. Ke4 Ra1 87. Rc3 Re1+ 88. Re3 Ra1 89. Nc3 Bf6 90. Ne2 Rf1 91. Rb3
Re1 92. Kf3 Ke6 93. Ng3 Kf7 94. Kg4 Be7 95. h4 Ra1 96. Rb5 Rg1 97. h5 gxh5+ 98.
Rxh5 Bd6 99. Ra5 Bxf4 100. Kxf4 Ke6 101. Ra6+ Kd5 102. Ne2 Rf1+ 103. Ke3 Rh1
104. Nf4+ Kc5 105. Nd3+ Kc4 106. Rc6+ Kd5 107. Rc5+ Kd6 108. Ra5 Rh3+ 109. Ke4
Rh4+ 110. Nf4 Rh1 111. Kd4 Rh4 112. Ra6+ Kc7 113. Ke5 Kb7 114. Rf6 Rh1 115. Nd5
Re1+ 116. Kd6 Rc1 117. Rf7+ Ka6 118. Rf4 Rh1 119. Rb4 Rh6+ 120. Kc5 Rh1 121.
Rb2 Rc1+ 122. Kd6 Rd1 123. Rb6+ Ka5 124. Rb8 Rc1 125. Rb7 Rd1 126. Rb3 Ka4 127.
Rb4+ Ka3 128. Rb8 Ka4 129. Kc5 Rc1+ 130. Kd4 Rd1+ 131. Kc4 Rc1+ 132. Nc3+ Ka5
133. Rb3 Rh1 134. Kc5 Rh5+ 135. Nd5 Ka6 136. Rb6+ Ka7 137. Rf6 Rh1 138. Rf7+
Kb8 139. Nb4 Kc8 140. Nd5 Rc1+ 141. Kd6 Rd1 142. Rc7+ Kb8 143. Rc5 Rh1 144.
Rb5+ Ka7 145. Ne7 Ka6 146. Rb2 Ka5 147. Nd5 Rd1 148. Rb3 Ka4 149. Rh3 Kb5 150.
Rh4 Ka5 151. Rc4 1/2-1/2

[Event "60th ch-POL w, Krakow POL"]
[Site "?"]
[Date "2008.??.??"]
[Round "5"]
[White "Czarnota, D."]
[Black "Warakomska, A."]
[Result "0-1"]
[WhiteElo "2210"]
[BlackElo "2180"]
[PlyCount "78"]
[EventDate "2008.??.??"]

1. e4 c5 2. Nf3 e6 3. d4 cxd4 4. Nxd4 a6 5. Bd3 Nf6 6. O-O Qc7 7. Qe2 d6 8. c4
g6 9. Nc3 Bg7 10. Nf3 Nc6 11. Rb1 O-O 12. Bd2 Nd7 13. b4 Nce5 14. Nxe5 Nxe5 15.
Rfc1 b6 16. Be3 Bd7 17. f4 Nxd3 18. Qxd3 Rfc8 19. Ne2 b5 20. c5 dxc5 21. Rxc5
Qb7 22. Ng3 Bf8 23. Rxc8 Rxc8 24. Rd1 Bc6 25. Bc1 Bg7 26. Qe2 Bf6 27. a3 Qa8
28. e5 Be7 29. Bb2 Bd5 30. h3 Bxg2 31. Rd2 Bd5 32. Kh2 Rc4 33. Qe3 Qc6 34. Ne2
Re4 35. Qa7 Qc4 36. Ng3 Bh4 37. Qb8+ Kg7 38. Nh5+ Kh6 39. Rg2 Re2 0-1

[Event "60th ch-POL w, Krakow POL"]
[Site "?"]
[Date "2008.??.??"]
[Round "6"]
[White "Szczepkowska Horowska, K."]
[Black "Warakomska, A."]
[Result "0-1"]
[WhiteElo "2290"]
[BlackElo "2180"]
[PlyCount "100"]
[EventDate "2008.??.??"]

1. e4 c5 2. Nf3 e6 3. d3 Nc6 4. c3 d5 5. Qe2 dxe4 6. dxe4 Nf6 7. g3 Be7 8. Bg2
O-O 9. e5 Nd7 10. O-O Qc7 11. Bf4 Nb6 12. Na3 a6 13. h4 h6 14. Rfe1 Rb8 15. Nh2
Rd8 16. Ng4 Bf8 17. Nc2 Nd7 18. h5 b5 19. Nce3 Bb7 20. Rad1 Kh8 21. Nf1 Ne7 22.
Bxb7 Qxb7 23. Nge3 Nb6 24. g4 Ned5 25. Bg3 Be7 26. f4 Rd7 27. Rd2 Rbd8 28. Red1
c4 29. Nc2 Bc5+ 30. Kh2 Na4 31. Nce3 Nxe3 32. Nxe3 Rxd2 33. Rxd2 Rxd2 34. Qxd2
Qf3 35. Ng2 Qxg4 36. b3 Qxh5+ 37. Nh4 cxb3 38. Qd8+ Kh7 39. Qd3+ g6 40. axb3
Nb6 41. c4 bxc4 42. bxc4 Be7 43. Kh3 Kg7 44. Qd4 Bxh4 45. Bxh4 Nxc4 46. Qd8 g5
47. Qf6+ Kh7 48. fxg5 hxg5 49. Qxg5 Qxg5 50. Bxg5 a5 0-1

[Event "60th ch-POL w, Krakow POL"]
[Site "?"]
[Date "2008.??.??"]
[Round "6"]
[White "Toma, K."]
[Black "Czarnota, D."]
[Result "0-1"]
[WhiteElo "2255"]
[BlackElo "2210"]
[PlyCount "170"]
[EventDate "2008.??.??"]

1. e4 c6 2. d4 d5 3. Nc3 dxe4 4. Nxe4 Bf5 5. Ng3 Bg6 6. N1e2 e6 7. h4 h6 8. Nf4
Bh7 9. Be3 Nf6 10. Bd3 Bxd3 11. Nxd3 Bd6 12. Qf3 Qa5+ 13. Bd2 Qd5 14. Qxd5 cxd5
15. Ne5 O-O 16. f4 Rc8 17. c3 Nc6 18. Ke2 b5 19. Kd3 a5 20. a3 Ra7 21. Rhf1 Nd7
22. Nxd7 Rxd7 23. Nh5 Rb7 24. f5 e5 25. Rac1 b4 26. axb4 axb4 27. c4 dxc4+ 28.
Rxc4 exd4 29. Rcc1 Rbc7 30. Nf4 Ne5+ 31. Kxd4 Nc4 32. Kd3 Nxb2+ 33. Ke2 Re8+
34. Kf3 Nc4 35. Rcd1 Nxd2+ 36. Rxd2 Bxf4 37. Kxf4 Rc4+ 38. Kg3 Re3+ 39. Kf2 Re5
40. Kg3 Re3+ 41. Kf2 Rec3 42. g3 Rc2 43. Ke3 R4c3+ 44. Rd3 Rxd3+ 45. Kxd3 Rc3+
46. Kd2 Rxg3 47. Rf4 b3 48. Kc1 h5 49. f6 g6 50. Rb4 Rf3 51. Rb6 Kh7 52. Kd1 b2
53. Rxb2 Rxf6 54. Rb4 Rf3 55. Ke2 Rg3 56. Rb1 Rg4 57. Rh1 Kg7 58. Ke3 Kf6 59.
Rf1+ Ke6 60. Rh1 Ke5 61. Kf3 Ra4 62. Kg3 Ra3+ 63. Kg2 Kf5 64. Rf1+ Kg4 65. Rxf7
Kxh4 66. Rf4+ Kg5 67. Rb4 h4 68. Rb5+ Kg4 69. Rb4+ Kh5 70. Rc4 g5 71. Rb4 Ra5
72. Rb8 Ra4 73. Rb5 Kg4 74. Rb2 h3+ 75. Kh2 Kh4 76. Rb8 Ra2+ 77. Kh1 g4 78. Rb4
Re2 79. Ra4 Kg3 80. Ra3+ Kf4 81. Ra4+ Kf3 82. Ra1 g3 83. Rb1 Rd2 84. Rb3+ Kf2
85. Rb1 Ke2 0-1

[Event "60th ch-POL w, Krakow POL"]
[Site "?"]
[Date "2008.??.??"]
[Round "6"]
[White "Golek, Jagoda"]
[Black "Przezdziecka, M."]
[Result "0-1"]
[WhiteElo "2040"]
[BlackElo "2275"]
[PlyCount "130"]
[EventDate "2008.??.??"]

1. e4 c5 2. Nf3 Nc6 3. d4 cxd4 4. Nxd4 Nf6 5. Nc3 d6 6. Be2 e5 7. Nf3 h6 8. h3
Be7 9. O-O O-O 10. Re1 Be6 11. Bf1 Nb8 12. Nd5 Nxd5 13. exd5 Bf5 14. a3 a5 15.
c4 Na6 16. Be3 Rc8 17. Rc1 Bh7 18. Qb3 e4 19. Bb6 Qd7 20. Nd4 Nc5 21. Qb5 Bg5
22. Bxc5 Qxb5 23. Nxb5 Rxc5 24. Rcd1 Bf4 25. Nc3 f5 26. Nb5 Be5 27. b4 axb4 28.
axb4 Rxb5 29. cxb5 Bc3 30. Re3 Bxb4 31. Rb3 Bc5 32. b6 Ra8 33. Rb5 f4 34. Rxc5
dxc5 35. d6 Rd8 36. Bc4+ Kf8 37. Be6 Bg8 38. Bf5 Bb3 39. Rb1 Bd5 40. Rd1 Bc6
41. d7 Ke7 42. Rc1 Kd6 43. Kf1 Bxd7 44. Bxe4 Bb5+ 45. Kg1 Ba6 46. Bf3 c4 47.
Rd1+ Ke7 48. Rc1 Rd6 49. Bxb7 Bxb7 50. Rxc4 Rxb6 51. Rxf4 Rg6 52. f3 Rb6 53. h4
Rb2 54. Kh2 Ba6 55. Re4+ Kf7 56. Rf4+ Kg8 57. Rg4 Kh7 58. Kg3 Rc2 59. Kh2 Rc4
60. Rxc4 Bxc4 61. g4 Kg6 62. h5+ Kf6 63. Kg3 Ke5 64. f4+ Ke4 65. g5 Kf5 0-1

[Event "60th ch-POL w, Krakow POL"]
[Site "?"]
[Date "2008.??.??"]
[Round "6"]
[White "Dworakowska, J."]
[Black "Zawadzka, J."]
[Result "0-1"]
[WhiteElo "2350"]
[BlackElo "2410"]
[PlyCount "90"]
[EventDate "2008.??.??"]

1. d4 d5 2. c4 e6 3. Nf3 c6 4. Nc3 dxc4 5. a4 Bb4 6. e3 b5 7. Bd2 Qe7 8. g3 Bb7
9. Bg2 Nf6 10. O-O a6 11. Qb1 Nbd7 12. e4 e5 13. b3 O-O 14. bxc4 exd4 15. Nxd4
Qd6 16. Nf3 Rfe8 17. Bf4 Qe7 18. Na2 Bc5 19. e5 Ng4 20. axb5 axb5 21. Qf5 Qe6
22. Qxe6 fxe6 23. Nd2 b4 24. Nb3 Bf8 25. Rfe1 Nc5 26. Nac1 Rxa1 27. Nxa1 Ra8
28. Nab3 Ra3 29. Bh3 Nxb3 30. Nxb3 h5 31. Rb1 c5 32. Bg2 Bxg2 33. Kxg2 Ra2 34.
Rf1 Re2 35. h3 Nh6 36. Be3 Nf5 37. Bxc5 Rb2 38. g4 Bxc5 39. gxf5 Rxb3 40. fxe6
Rb2 41. Rd1 Rxf2+ 42. Kg3 b3 43. Rd5 h4+ 44. Kxh4 b2 45. Rd1 Rg2 0-1

[Event "60th ch-POL w, Krakow POL"]
[Site "?"]
[Date "2008.??.??"]
[Round "6"]
[White "Majdan, Joanna"]
[Black "Krupa, Monika"]
[Result "1-0"]
[WhiteElo "2290"]
[BlackElo "2265"]
[PlyCount "75"]
[EventDate "2008.??.??"]

1. e4 e6 2. d4 d5 3. Nc3 Bb4 4. e5 c5 5. a3 Bxc3+ 6. bxc3 Qa5 7. Bd2 Qa4 8. Qb1
c4 9. Ne2 Nc6 10. Nf4 Bd7 11. h4 O-O-O 12. Nh5 f6 13. f4 fxe5 14. fxe5 g6 15.
Ng3 Nge7 16. Be2 Rdf8 17. h5 gxh5 18. Nxh5 Qa5 19. Qc1 Qc7 20. Bg5 Nf5 21. Bf6
Rhg8 22. g4 Ng3 23. Nxg3 Rxf6 24. Qe3 Rf7 25. Nh5 Be8 26. Nf6 Rgf8 27. Kd2 Re7
28. Rhf1 Rh8 29. g5 Bg6 30. Bg4 Kb8 31. Bh5 Rg7 32. Qh3 Bxh5 33. Qxh5 Nxe5 34.
Ne8 Qe7 35. Nxg7 Ng6 36. Qh2+ Kc8 37. Qh3 Qxg5+ 38. Qe3 1-0

[Event "60th ch-POL w, Krakow POL"]
[Site "?"]
[Date "2008.??.??"]
[Round "6"]
[White "Kulon, Klaudia"]
[Black "Socko, M."]
[Result "0-1"]
[WhiteElo "2125"]
[BlackElo "2475"]
[PlyCount "76"]
[EventDate "2008.??.??"]

1. e4 e6 2. d4 d5 3. Nd2 c5 4. exd5 exd5 5. Ngf3 Nf6 6. Bb5+ Bd7 7. Bxd7+ Nbxd7
8. O-O Be7 9. dxc5 Nxc5 10. Nd4 Qd7 11. N2f3 O-O 12. Ne5 Qc8 13. Qf3 Nce4 14.
c3 Re8 15. Bf4 Bd6 16. Nd3 Bf8 17. Rfe1 a6 18. h3 b5 19. g4 Nd7 20. Bh2 Nb6 21.
Nf4 Qd7 22. Rad1 Bd6 23. Kg2 Bxf4 24. Qxf4 Nc4 25. f3 Nc5 26. Rxe8+ Rxe8 27.
Nf5 Qe6 28. Rf1 Qe2+ 29. Kg1 Nd2 30. Ng3 Qd3 31. Rf2 Qb1+ 32. Kg2 Nd3 33. Qxd2
Ne1+ 34. Kh1 Nxf3+ 35. Rf1 Nxd2 36. Rxb1 Nxb1 37. Kg2 b4 38. cxb4 d4 0-1

[Event "60th ch-POL w, Krakow POL"]
[Site "?"]
[Date "2008.??.??"]
[Round "7"]
[White "Socko, M."]
[Black "Szczepkowska Horowska, K."]
[Result "1-0"]
[WhiteElo "2475"]
[BlackElo "2290"]
[PlyCount "77"]
[EventDate "2008.??.??"]

1. d4 Nf6 2. c4 g6 3. Nc3 Bg7 4. e4 d6 5. Nf3 O-O 6. Be2 e5 7. Be3 Ng4 8. Bg5
f6 9. Bc1 exd4 10. Nxd4 f5 11. h3 Nh6 12. Bxh6 Bxh6 13. exf5 gxf5 14. O-O Bg7
15. Bf3 c6 16. Qd2 Qf6 17. Rad1 Nd7 18. Be2 Nc5 19. f4 Bd7 20. Nb3 Rfd8 21.
Qxd6 Qxd6 22. Rxd6 Bxc3 23. bxc3 Ne4 24. Rd3 Be6 25. Re3 Bf7 26. Re1 Nd6 27.
Re5 Bg6 28. Nd4 Rf8 29. Bd3 Kh8 30. c5 Nf7 31. Re7 Nd8 32. R1e5 Nf7 33. R5e6
Nd8 34. Rd6 b6 35. Rdd7 bxc5 36. Bxf5 Bf7 37. Nf3 h6 38. Ne5 Kg8 39. Bg6 1-0

[Event "60th ch-POL w, Krakow POL"]
[Site "?"]
[Date "2008.??.??"]
[Round "7"]
[White "Krupa, Monika"]
[Black "Kulon, Klaudia"]
[Result "1/2-1/2"]
[WhiteElo "2265"]
[BlackElo "2125"]
[PlyCount "74"]
[EventDate "2008.??.??"]

1. e4 e5 2. Nf3 Nc6 3. Bc4 Nf6 4. d3 h6 5. c3 g6 6. O-O d6 7. d4 Qe7 8. Re1 Bg7
9. Nbd2 O-O 10. h3 Bd7 11. Nf1 Na5 12. Bd3 c5 13. b4 cxb4 14. dxe5 dxe5 15.
cxb4 Nc6 16. b5 Nb8 17. a4 Rd8 18. Ba3 Qe8 19. Ne3 Be6 20. Qb1 Nbd7 21. Nc4
Bxc4 22. Bxc4 Rac8 23. Qa2 Bf8 24. Bb2 Bb4 25. Re2 Bd6 26. Rd1 Bb8 27. Red2 b6
28. Bd5 Nxd5 29. Qxd5 Bc7 30. Qc6 Nc5 31. Rxd8 Rxd8 32. Rxd8 Qxd8 33. Nxe5 f6
34. Nd3 Qxd3 35. Qe8+ Kg7 36. Qe7+ Kg8 37. Qe8+ Kg7 1/2-1/2

[Event "60th ch-POL w, Krakow POL"]
[Site "?"]
[Date "2008.??.??"]
[Round "7"]
[White "Czarnota, D."]
[Black "Golek, Jagoda"]
[Result "1-0"]
[WhiteElo "2210"]
[BlackElo "2040"]
[PlyCount "73"]
[EventDate "2008.??.??"]

1. e4 d5 2. exd5 Qxd5 3. Nc3 Qa5 4. Bc4 Nf6 5. d3 c6 6. Bd2 Qc7 7. Nf3 Bf5 8.
Qe2 e6 9. Nd4 Qe7 10. O-O-O Bg6 11. Rde1 Nbd7 12. Qf3 Qc5 13. Nb3 Qh5 14. Qe3
Ng4 15. Qe2 Nge5 16. f3 Nxc4 17. dxc4 Nc5 18. Nd4 O-O-O 19. g4 Qh4 20. Be3 Qf6
21. Rd1 e5 22. Nb3 Nxb3+ 23. axb3 b6 24. c5 Kb7 25. h4 h6 26. h5 Bh7 27. Rxd8
Qxd8 28. Qc4 Qc7 29. Rd1 Bxc5 30. Bxc5 bxc5 31. Na4 Rf8 32. Rd7 Qxd7 33. Nxc5+
Kc7 34. Nxd7 Kxd7 35. Qc5 Re8 36. Qxa7+ Ke6 37. Qc7 1-0

[Event "60th ch-POL w, Krakow POL"]
[Site "?"]
[Date "2008.??.??"]
[Round "7"]
[White "Warakomska, A."]
[Black "Toma, K."]
[Result "0-1"]
[WhiteElo "2180"]
[BlackElo "2255"]
[PlyCount "158"]
[EventDate "2008.??.??"]

1. e4 c5 2. Nf3 Nc6 3. d4 cxd4 4. Nxd4 Nf6 5. Nc3 e5 6. Ndb5 d6 7. Bg5 a6 8.
Na3 b5 9. Nd5 Be7 10. Bxf6 Bxf6 11. c3 O-O 12. Nc2 Bg5 13. a4 bxa4 14. Rxa4 a5
15. Nce3 Bd7 16. Ra2 Be6 17. Bc4 Ne7 18. O-O Nxd5 19. Nxd5 Qc8 20. Qd3 Bd8 21.
Ne3 Bb6 22. Nd5 Bxd5 23. Qxd5 Rb8 24. b3 Qc7 25. Rd2 Bc5 26. Rd3 Kh8 27. Rf3 f6
28. h4 Qc8 29. Qd3 Qg4 30. g3 f5 31. Qe2 Qxe4 32. Qxe4 fxe4 33. Rxf8+ Rxf8 34.
b4 axb4 35. cxb4 Bxb4 36. Bd5 Bc5 37. Bxe4 g6 38. Kg2 Kg7 39. f4 exf4 40. Rxf4
Re8 41. Kf3 Re5 42. Bc6 d5 43. Kg4 h5+ 44. Kh3 Be3 45. Rf1 d4 46. g4 hxg4+ 47.
Kxg4 d3 48. Kg3 d2 49. Ba4 Bc5 50. Bd1 Re1 51. Kg2 Kh6 52. Rh1 Re5 53. Rf1 Re4
54. Rh1 Re5 55. Rf1 Be7 56. Rh1 Bd8 57. Bf3 Rf5 58. Bd1 Rf4 59. h5 g5 60. Rf1
Re4 61. Rf2 Rd4 62. Rf1 g4 63. Rh1 Re4 64. Kf2 Re1 65. Kg2 Rxh1 66. Kxh1 Kxh5
67. Kg2 Bc7 68. Kf2 Bf4 69. Kg2 Kg5 70. Bc2 Kf6 71. Bd1 Kf5 72. Bc2+ Ke5 73.
Bd1 g3 74. Kf1 Kd4 75. Ke2 Be3 76. Kf3 Bf2 77. Ba4 Be1 78. Bd1 Kc3 79. Ba4 Kb2
0-1

[Event "60th ch-POL w, Krakow POL"]
[Site "?"]
[Date "2008.??.??"]
[Round "8"]
[White "Szczepkowska Horowska, K."]
[Black "Toma, K."]
[Result "1/2-1/2"]
[WhiteElo "2290"]
[BlackElo "2255"]
[PlyCount "75"]
[EventDate "2008.??.??"]

1. e4 c5 2. Nf3 Nc6 3. d4 cxd4 4. Nxd4 Nf6 5. Nc3 e5 6. Ndb5 d6 7. Bg5 a6 8.
Na3 b5 9. Nd5 Be7 10. Bxf6 Bxf6 11. c4 b4 12. Nc2 a5 13. g3 O-O 14. b3 Be6 15.
Bg2 Rc8 16. O-O Bxd5 17. Qxd5 Nd4 18. Nxd4 exd4 19. Qh5 Qb6 20. Qf3 Rfe8 21.
Kh1 Re7 22. Qd3 Ra7 23. Rae1 Re8 24. Re2 a4 25. f4 axb3 26. axb3 Qc5 27. h3 g6
28. Rfe1 Kg7 29. g4 h6 30. Qg3 Ra3 31. e5 dxe5 32. fxe5 Bg5 33. Bd5 Qa7 34. Rf1
Ra1 35. Ref2 Re7 36. Kg2 Rxf1 37. Rxf1 Qc7 38. h4 1/2-1/2

[Event "60th ch-POL w, Krakow POL"]
[Site "?"]
[Date "2008.??.??"]
[Round "8"]
[White "Golek, Jagoda"]
[Black "Warakomska, A."]
[Result "1/2-1/2"]
[WhiteElo "2040"]
[BlackElo "2180"]
[PlyCount "87"]
[EventDate "2008.??.??"]

1. e4 c5 2. Nf3 e6 3. d4 cxd4 4. Nxd4 a6 5. c4 Nf6 6. Nc3 Bb4 7. Bd3 Nc6 8.
Nde2 Qc7 9. O-O O-O 10. h3 Ne5 11. Bf4 d6 12. Rc1 Nfd7 13. a3 Bxc3 14. Rxc3 b6
15. b3 Bb7 16. Bb1 Nf6 17. Qd4 h6 18. Rd1 Rfd8 19. Rcc1 Nc6 20. Qc3 e5 21. Be3
b5 22. f3 bxc4 23. bxc4 Nd7 24. Qb2 Rab8 25. Nc3 Ne7 26. Ba7 Rbc8 27. Be3 Nc5
28. Nd5 Bxd5 29. cxd5 Qa5 30. Qb4 Qb5 31. Qxb5 axb5 32. Bd3 Nxd3 33. Rxd3 f5
34. Rdc3 fxe4 35. fxe4 Rxc3 36. Rxc3 Ra8 37. Kf2 Ra4 38. Kf3 Kf7 39. Rb3 Ke8
40. Bc1 Rc4 41. Be3 Ra4 42. Bc1 Rc4 43. Be3 Ra4 44. Rxb5 1/2-1/2

[Event "60th ch-POL w, Krakow POL"]
[Site "?"]
[Date "2008.??.??"]
[Round "8"]
[White "Majdan, Joanna"]
[Black "Przezdziecka, M."]
[Result "0-1"]
[WhiteElo "2290"]
[BlackElo "2275"]
[PlyCount "130"]
[EventDate "2008.??.??"]

1. e4 c5 2. Nf3 Nc6 3. d4 cxd4 4. Nxd4 Nf6 5. Nc3 d6 6. Bg5 e6 7. Qd3 a6 8.
O-O-O Bd7 9. Be2 Qa5 10. Qg3 Rc8 11. Kb1 b5 12. Nxc6 Rxc6 13. Bd3 b4 14. Ne2 e5
15. Bxf6 gxf6 16. f4 Be6 17. b3 Qc5 18. f5 Bd7 19. Qh4 Be7 20. Ng3 Qe3 21. Qg4
Qg5 22. Qe2 a5 23. Nf1 Rg8 24. Ne3 h5 25. g3 Rc5 26. Bc4 Bc6 27. Bd5 Bb5 28.
Bc4 Bc6 29. Nd5 Bd8 30. Qd3 Bxd5 31. Bxd5 Bc7 32. Rd2 Ke7 33. Rhd1 Rb8 34. Bc4
Rg8 35. Qe2 Rd8 36. Rd5 Rxd5 37. Bxd5 Qg4 38. Qd3 Bb6 39. h3 Qxh3 40. Qc4 Qg4
41. Rf1 Qg8 42. Rh1 Rc8 43. Qa6 Rb8 44. Bb7 Qd8 45. Bd5 Qc7 46. a3 bxa3 47. Qc4
Qxc4 48. Bxc4 Rg8 49. Ka2 Bc5 50. b4 axb4 51. Rxh5 Rxg3 52. Rh7 Rg2 53. Bb3 d5
54. exd5 Rg1 55. d6+ Kxd6 56. Bxf7 Bd4 57. Be6 Ra1+ 58. Kb3 Kc5 59. Rc7+ Kb6
60. Rf7 Rb1+ 61. Ka4 e4 62. Rd7 Be5 63. Rd5 e3 64. Rb5+ Kc6 65. Bd5+ Kd6 0-1

[Event "60th ch-POL w, Krakow POL"]
[Site "?"]
[Date "2008.??.??"]
[Round "8"]
[White "Socko, M."]
[Black "Krupa, Monika"]
[Result "1-0"]
[WhiteElo "2475"]
[BlackElo "2265"]
[PlyCount "49"]
[EventDate "2008.??.??"]

1. d4 Nf6 2. c4 e6 3. Nf3 c5 4. d5 b5 5. dxe6 fxe6 6. cxb5 Bb7 7. e3 d5 8. Nbd2
Nbd7 9. Be2 Bd6 10. b3 O-O 11. O-O Qc7 12. h3 Rae8 13. Bb2 Kh8 14. Qc2 e5 15.
e4 d4 16. Nh2 c4 17. Bxc4 Bb4 18. Nhf3 Nc5 19. Bd3 Qb6 20. Rac1 Nfxe4 21. Bxe4
Nxe4 22. Nxe4 d3 23. Qxd3 Qg6 24. Rc4 Ba5 25. Nxe5 1-0

[Event "60th ch-POL w, Krakow POL"]
[Site "?"]
[Date "2008.??.??"]
[Round "9"]
[White "Krupa, Monika"]
[Black "Szczepkowska Horowska, K."]
[Result "0-1"]
[WhiteElo "2265"]
[BlackElo "2290"]
[PlyCount "90"]
[EventDate "2008.??.??"]

1. d4 Nf6 2. c4 d6 3. Nf3 g6 4. g3 Bg7 5. Bg2 O-O 6. O-O Bg4 7. Nc3 Qc8 8. Re1
c5 9. d5 Na6 10. Bf4 Nc7 11. a4 b6 12. e4 Nd7 13. Qd2 Re8 14. b3 a6 15. Bh6
Bxf3 16. Bxf3 Bh8 17. Be2 Rb8 18. Kg2 Qb7 19. Ra2 Ra8 20. h4 Nf6 21. h5 b5 22.
hxg6 fxg6 23. cxb5 axb5 24. Bxb5 Nxb5 25. Nxb5 Qd7 26. Qd3 Ng4 27. Bf4 Rf8 28.
Rae2 Rf7 29. f3 Nf6 30. Na3 Nh5 31. Bg5 Be5 32. f4 Qg4 33. Kh2 Raf8 34. Rg2 h6
35. Qe2 Qc8 36. fxe5 hxg5 37. e6 Rf3 38. Qc4 Kg7 39. Nc2 Rh8 40. Kg1 Nxg3 41.
Rd2 Qf8 42. e5 Qf5 43. Kg2 Qh3+ 44. Kxf3 Rf8+ 45. Ke3 Nf1+ 0-1

[Event "60th ch-POL w, Krakow POL"]
[Site "?"]
[Date "2008.??.??"]
[Round "9"]
[White "Zawadzka, J."]
[Black "Socko, M."]
[Result "1/2-1/2"]
[WhiteElo "2410"]
[BlackElo "2475"]
[PlyCount "121"]
[EventDate "2008.??.??"]

1. e4 e6 2. d4 d5 3. Nc3 Nf6 4. e5 Nfd7 5. f4 c5 6. Nf3 Nc6 7. Be3 cxd4 8. Nxd4
Bc5 9. Qd2 O-O 10. g3 a6 11. Bg2 Nxd4 12. Bxd4 Bxd4 13. Qxd4 Qb6 14. Ne2 Qxd4
15. Nxd4 b5 16. a4 b4 17. a5 Nc5 18. Nc6 b3 19. cxb3 Bd7 20. Nd4 Rfb8 21. Kd2
Nxb3+ 22. Nxb3 Rxb3 23. Kc2 Rb4 24. Bf1 d4 25. Bd3 Ba4+ 26. b3 Bc6 27. Rhb1 f6
28. Kd2 fxe5 29. fxe5 Bb5 30. Bc4 Kf7 31. Kd3 Rd8 32. Rf1+ Ke7 33. Rab1 Rd5 34.
Ke4 d3 35. Ke3 Bxc4 36. bxc4 Rxb1 37. Rxb1 Rxe5+ 38. Kxd3 Rxa5 39. Kd4 Ra2 40.
h4 h5 41. Rb6 a5 42. Ra6 Kf6 43. Kc5 Ra3 44. Kd6 Rd3+ 45. Kc6 Rxg3 46. c5 g5
47. hxg5+ Rxg5 48. Rxa5 h4 49. Ra2 h3 50. Rh2 Rg3 51. Kb7 Rb3+ 52. Kc7 Kf5 53.
c6 e5 54. Rc2 Rg3 55. Kd6 Rg2 56. Rxg2 hxg2 57. c7 g1=Q 58. c8=Q+ Kf4 59. Qf8+
Ke4 60. Qa8+ Kf4 61. Qf8+ 1/2-1/2

[Event "60th ch-POL w, Krakow POL"]
[Site "?"]
[Date "2008.??.??"]
[Round "9"]
[White "Przezdziecka, M."]
[Black "Kulon, Klaudia"]
[Result "1-0"]
[WhiteElo "2275"]
[BlackElo "2125"]
[PlyCount "57"]
[EventDate "2008.??.??"]

1. d4 d5 2. Nf3 c6 3. c4 e6 4. Nbd2 Bd6 5. e4 dxe4 6. Nxe4 Bc7 7. Bd3 h6 8. O-O
f5 9. Nc5 b6 10. Nxe6 Bxe6 11. Re1 Kf7 12. Qe2 Bc8 13. Bd2 Ne7 14. Bc3 Re8 15.
Nh4 Bd7 16. Qh5+ Kg8 17. d5 Bd6 18. Nxf5 Nxf5 19. Bxf5 Rxe1+ 20. Rxe1 Qf8 21.
Be6+ Bxe6 22. Rxe6 Qf4 23. g3 Qc1+ 24. Kg2 Bf8 25. Re8 Qg5 26. Qf3 Qe7 27. Rxe7
Bxe7 28. dxc6 Na6 29. Qg4 1-0

[Event "60th ch-POL w, Krakow POL"]
[Site "?"]
[Date "2008.??.??"]
[Round "9"]
[White "Warakomska, A."]
[Black "Dworakowska, J."]
[Result "0-1"]
[WhiteElo "2180"]
[BlackElo "2350"]
[PlyCount "76"]
[EventDate "2008.??.??"]

1. e4 c5 2. Nf3 a6 3. c3 d5 4. exd5 Qxd5 5. d4 Nf6 6. Be2 g6 7. O-O Bg7 8. dxc5
Qxc5 9. Nbd2 O-O 10. Nc4 Qc7 11. Be3 Nbd7 12. a4 Ng4 13. Bg5 f6 14. h3 Nh6 15.
Bxh6 Bxh6 16. a5 Rb8 17. Qd5+ Kh8 18. Nd4 Qc5 19. Qe4 Ne5 20. Nb6 Nf7 21. b4
Qe5 22. Qc2 Qc7 23. Rad1 Rd8 24. Qb3 Ng5 25. h4 Ne4 26. Qc2 Nxc3 27. Rd3 Nxe2+
28. Qxe2 e5 29. Nb3 Bf5 30. Rxd8+ Rxd8 31. Rd1 Bf8 32. Rc1 Qg7 33. Nc5 Rd4 34.
b5 axb5 35. g3 b4 36. Qf3 Qh6 37. Qe3 Qh5 38. Nxb7 Be4 0-1

[Event "60th ch-POL w, Krakow POL"]
[Site "?"]
[Date "2008.??.??"]
[Round "9"]
[White "Toma, K."]
[Black "Golek, Jagoda"]
[Result "1-0"]
[WhiteElo "2255"]
[BlackElo "2040"]
[PlyCount "77"]
[EventDate "2008.??.??"]

1. e4 Nf6 2. e5 Nd5 3. d4 d6 4. c4 Nb6 5. exd6 cxd6 6. Nc3 g6 7. Nf3 Bg7 8. h3
Nc6 9. d5 Ne5 10. Nxe5 Bxe5 11. Be3 O-O 12. Rc1 Nd7 13. Be2 Bg7 14. O-O a6 15.
Re1 Nf6 16. Bf1 Bd7 17. Qb3 Bc8 18. Bb6 Qd7 19. Na4 e5 20. dxe6 fxe6 21. Rcd1
Qc6 22. g3 Bd7 23. Nc3 d5 24. cxd5 exd5 25. Nxd5 Nxd5 26. Bg2 Kh8 27. Bxd5 Qb5
28. Qxb5 Bxb5 29. Bc5 Rfe8 30. b3 Rxe1+ 31. Rxe1 Rc8 32. Bb6 Bf6 33. Re6 Kg7
34. Be3 Bd7 35. Rb6 Bxh3 36. Rxb7+ Kh8 37. Rb6 Be5 38. Rxa6 Rd8 39. Ra8 1-0

[Event "60th ch-POL w, Krakow POL"]
[Site "?"]
[Date "2008.??.??"]
[Round "10"]
[White "Szczepkowska Horowska, K."]
[Black "Golek, Jagoda"]
[Result "1-0"]
[WhiteElo "2290"]
[BlackElo "2040"]
[PlyCount "101"]
[EventDate "2008.??.??"]

1. e4 c5 2. Nf3 e6 3. d4 cxd4 4. Nxd4 a6 5. Bd3 Bc5 6. Nb3 Be7 7. Qg4 g6 8. Qe2
d6 9. O-O Nd7 10. c3 Qc7 11. Bf4 Ngf6 12. a4 b6 13. N1d2 Bb7 14. Rfd1 O-O 15.
Nc4 Ne5 16. Nbd2 Nfd7 17. Bc2 Rac8 18. Ne3 Rfd8 19. Bg3 Nf6 20. f4 Ned7 21. h3
Nc5 22. Ng4 Qc6 23. Re1 Nh5 24. Bh2 Bh4 25. Rf1 f5 26. Ne3 Ng7 27. Nf3 Bf6 28.
e5 dxe5 29. fxe5 Be7 30. Nd4 Qc7 31. Rad1 Re8 32. Nc4 Ne4 33. Bxe4 Bxe4 34. Nd6
Bxd6 35. exd6 Qd7 36. Nf3 Red8 37. Ne5 Qb7 38. Bg3 g5 39. Rd4 Rc5 40. Bh2 Rd5
41. Rxe4 fxe4 42. Ng4 Rf5 43. Nh6+ Kh8 44. Rxf5 exf5 45. Qc4 Rf8 46. Be5 Qd7
47. Qc7 Qxc7 48. dxc7 e3 49. Kf1 e2+ 50. Kxe2 Re8 51. Kd3 1-0

[Event "60th ch-POL w, Krakow POL"]
[Site "?"]
[Date "2008.??.??"]
[Round "10"]
[White "Dworakowska, J."]
[Black "Toma, K."]
[Result "1/2-1/2"]
[WhiteElo "2350"]
[BlackElo "2255"]
[PlyCount "78"]
[EventDate "2008.??.??"]

1. c4 Nf6 2. d4 g6 3. Nc3 d5 4. Bg5 Ne4 5. Bh4 Nxc3 6. bxc3 dxc4 7. e3 Be6 8.
Rb1 b6 9. Nf3 Bg7 10. Nd2 O-O 11. Be2 Bd5 12. O-O c5 13. Nxc4 Nd7 14. a4 Nf6
15. f3 cxd4 16. cxd4 Bxc4 17. Bxc4 Nd5 18. Bxd5 Qxd5 19. Bxe7 Rfe8 20. Rb5 Qc4
21. Bg5 h6 22. Bf4 g5 23. Be5 f6 24. Bg3 Rxe3 25. Bf2 Rd3 26. Qb1 Rc8 27. a5 f5
28. axb6 axb6 29. Rb4 Qc2 30. Qe1 Qc6 31. Qb1 Qc2 32. Rxb6 Qxb1 33. Rfxb1 Rc2
34. Kf1 Rxf2+ 35. Kxf2 Bxd4+ 36. Ke2 Re3+ 37. Kf1 Bxb6 38. Rxb6 Kg7 39. Kf2 Ra3
1/2-1/2